Facing Dementia As a We : Investigating Couples' Challenges and Communicative Strategies for Managing Dementia.

Bibliographic Details
Main Author: Nilsson, Elin.
Format: eBook
Language:English
Published: Linköping : Linkopings Universitet, 2018.
Edition:1st ed.
Series:Linköping Studies in Arts and Sciences Series
Subjects:
Online Access:Click to View
LEADER 02003nam a22003853i 4500
001 EBC5374813
003 MiAaPQ
005 20240729202202.0
006 m o d |
007 cr cnu||||||||
008 240729s2018 xx o ||||0 eng d
020 |a 9789176853221  |q (electronic bk.) 
035 |a (MiAaPQ)EBC5374813 
035 |a (Au-PeEL)EBL5374813 
035 |a (CaPaEBR)ebr11558430 
035 |a (OCoLC)1037816786 
040 |a MiAaPQ  |b eng  |e rda  |e pn  |c MiAaPQ  |d MiAaPQ 
100 1 |a Nilsson, Elin. 
245 1 0 |a Facing Dementia As a We :  |b Investigating Couples' Challenges and Communicative Strategies for Managing Dementia. 
250 |a 1st ed. 
264 1 |a Linköping :  |b Linkopings Universitet,  |c 2018. 
264 4 |c {copy}2018. 
300 |a 1 online resource (150 pages) 
336 |a text  |b txt  |2 rdacontent 
337 |a computer  |b c  |2 rdamedia 
338 |a online resource  |b cr  |2 rdacarrier 
490 1 |a Linköping Studies in Arts and Sciences Series ;  |v v.736 
505 0 |a Intro -- Abstract -- Sammanfattning -- List of included articles -- Acknowledgements -- Contents -- 1. Introduction and aim -- 2. Previous research on couples and dementia -- 293. Analysing interaction -- 4. Method - The study, analysis and considerations -- 5. Presentation of articles -- 6. Conclusions and discussion -- 7. Implications -- Reference List -- Appendices -- Articles I-IV. 
588 |a Description based on publisher supplied metadata and other sources. 
590 |a Electronic reproduction. Ann Arbor, Michigan : ProQuest Ebook Central, 2024. Available via World Wide Web. Access may be limited to ProQuest Ebook Central affiliated libraries.  
655 4 |a Electronic books. 
776 0 8 |i Print version:  |a Nilsson, Elin  |t Facing Dementia As a We  |d Linköping : Linkopings Universitet,c2018 
797 2 |a ProQuest (Firm) 
830 0 |a Linköping Studies in Arts and Sciences Series 
856 4 0 |u https://ebookcentral.proquest.com/lib/matrademy/detail.action?docID=5374813  |z Click to View